Meeting the big box challenge : (Record no. 25823)

000 -LEADER
fixed length control field 01714cam a22003737a 4500
001 - CONTROL NUMBER
control field 14460685
005 - DATE AND TIME OF LATEST TRANSACTION
control field 20170201120333.0
008 - FIXED-LENGTH DATA ELEMENTS--GENERAL INFORMATION
fixed length control field 060720s2006 ilua b 000 0 eng d
010 ## - LIBRARY OF CONGRESS CONTROL NUMBER
LC control number 2006279570
020 ## - INTERNATIONAL STANDARD BOOK NUMBER
International Standard Book Number 1932364250 (pbk.)
035 ## - SYSTEM CONTROL NUMBER
System control number (OCoLC)ocm67711043
042 ## - AUTHENTICATION CODE
Authentication code lccopycat
043 ## - GEOGRAPHIC AREA CODE
Geographic area code n-us---
050 00 - LIBRARY OF CONGRESS CALL NUMBER
Classification number NA9105 .E94 2006
100 1# - MAIN ENTRY--PERSONAL NAME
Personal name Evans-Cowley, Jennifer.
245 10 - TITLE STATEMENT
Title Meeting the big box challenge :
Remainder of title planning, design, and regulatory strategies /
Statement of responsibility, etc. Jennifer Evans-Cowley.
260 ## - PUBLICATION, DISTRIBUTION, ETC. (IMPRINT)
Place of publication, distribution, etc. Chicago, IL :
Name of publisher, distributor, etc. American Planning Association,
Date of publication, distribution, etc. [2006]
300 ## - PHYSICAL DESCRIPTION
Extent 69 p. :
Other physical details col. ill. ;
Dimensions 28 cm.
490 1# - SERIES STATEMENT
Series statement Planning Advisory Service report,
International Standard Serial Number 0160-8266 ;
Volume/sequential designation no. 537
500 ## - GENERAL NOTE
General note Cover title.
500 ## - GENERAL NOTE
General note "March 2006"--P. [2] of cover.
504 ## - BIBLIOGRAPHY, ETC. NOTE
Bibliography, etc Includes bibliographical references (p. 63-69).
505 0# - FORMATTED CONTENTS NOTE
Formatted contents note What is a Big-box retail store? -- Planning issues created by the Big-box and its business practices -- Regulatory strategies -- What to do when the Big-box closes: "White elephant" ordinances and adaptive reuse -- Recommendations.
650 #0 - SUBJECT ADDED ENTRY--TOPICAL TERM
Topical term or geographic name as entry element Chain stores
Geographic subdivision United States.
650 #0 - SUBJECT ADDED ENTRY--TOPICAL TERM
Topical term or geographic name as entry element Retail trade
Geographic subdivision United States.
650 #0 - SUBJECT ADDED ENTRY--TOPICAL TERM
Topical term or geographic name as entry element Stores, Retail
Geographic subdivision United States.
710 2# - ADDED ENTRY--CORPORATE NAME
Corporate name or jurisdiction name as entry element American Planning Association.
830 #0 - SERIES ADDED ENTRY--UNIFORM TITLE
Uniform title Report (American Planning Association. Planning Advisory Service) ;
Volume number/sequential designation no. 537.
942 ## - ADDED ENTRY ELEMENTS (KOHA)
Source of classification or shelving scheme
Koha item type Hard Covered Materials

No items available.

© Machakos University Library, Along The Highway, Machakos Wote Rd, Machakos, Kenya P.O. Box 136 - 90100 Machakos - Kenya

Tel: ( +254 ) 723 805829 OR Fax : 044-20353 OR Email: library@mksu.ac.ke